| 000 | 00534cam a2200193 4500 | ||
|---|---|---|---|
| 020 | _a0256015139 | ||
| 040 | _cDLC | ||
| 082 | 0 | 0 | _a332 R.D.L 1974 A069 Or. |
| 100 | 1 | _aSmith, Warren L. | |
| 245 | 1 | 0 | _aReadings in money, national income, and stabilization policy, |
| 250 | _a3d ed. | ||
| 260 |
_aHomewood, Ill., _bR. D. Irwin, _c1974. |
||
| 300 |
_axi, 545 p. _billus. _c25 cm. |
||
| 490 | 0 | _aThe Irwin series in economics | |
| 650 | 0 | _aFiscal policy | |
| 650 | 0 | _aMonetary policy | |
| 700 | 1 | _aTeigen, Ronald L., | |
| 942 | _cEK | ||
| 999 |
_c14671 _d14671 |
||